NLSUI OPAC header image

Role of security council in maintenance of international peace and security (Record no. 216658)

MARC details
000 -LEADER
fixed length control field 01008nam a2200145Ia 4500
005 - DATE AND TIME OF LATEST TRANSACTION
control field 20260209120120.0
008 - FIXED-LENGTH DATA ELEMENTS--GENERAL INFORMATION
fixed length control field 260209s9999||||xx |||||||||||||| ||und||
100 ## - MAIN ENTRY--PERSONAL NAME
Personal name Vandana Arora
245 #0 - TITLE STATEMENT
Title Role of security council in maintenance of international peace and security
260 ## - PUBLICATION, DISTRIBUTION, ETC.
Place of publication, distribution, etc. ChandigarhChandigarh
Name of publisher, distributor, etc. Punjab University
Date of publication, distribution, etc. 1996
300 ## - PHYSICAL DESCRIPTION
Extent 223 p. ; 25 cm.
505 ## - FORMATTED CONTENTS NOTE
Formatted contents note Contents 1. Introduction; 2. Maintenance of international peace and security evaluation of international arrangement; 3. Aims and objectives of United Nations; 4. Organisational setup United Nations organisation; 5. Security council organisation, powers and functions; 6. Security council: Role in United nation peacekeeping operations; 7. Conclusions and suggestions; Proposals for reforms; Bibliography.
650 ## - SUBJECT ADDED ENTRY--TOPICAL TERM
Topical term or geographic name entry element International Courte of Justice International Security Council Maintenance of International Peace & Security United Nations - Aims & Objectives
856 ## - ELECTRONIC LOCATION AND ACCESS
Uniform Resource Identifier <a href="https://dans.nls.ac.in/handle/123456789/1486">https://dans.nls.ac.in/handle/123456789/1486</a>
Holdings
Withdrawn status Lost status Damaged status Not for loan Home library Current library Date acquired Total Checkouts Barcode Date last seen Price effective from Koha item type
        . . 09.02.2026   LLM020 09.02.2026 09.02.2026 Dissertation